000 00288nam a22001337a 4500
008 170614b xxu||||| |||| 00| 0 eng d
020 _a9780847682980
041 _aeng
080 _a32
100 _a19
101 _aSHP
245 _aBEYOND MISSIONARIES
_cHALLUM,A.M
942 _2udc
_cBK
999 _c17319
_d17319